|
|
|
|
| LEADER |
01424nam a2200373 a 4500 |
| 001 |
000716938 |
| 003 |
CZ BrMZK |
| 005 |
20101018102836.0 |
| 007 |
ta |
| 008 |
040520s2004 xr a e c 000 0 cze d |
| 015 |
|
|
|a cnb001533182
|
| 020 |
|
|
|q (složeno)
|
| 035 |
|
|
|a (OCoLC)85143968
|
| 040 |
|
|
|a BOA001
|b cze
|
| 043 |
|
|
|a e-xr---
|
| 045 |
|
|
|a x9y0
|
| 072 |
|
7 |
|a 77
|x Fotografie. Fotografické postupy
|2 Konspekt
|9 21
|
| 080 |
|
|
|a 77.03
|2 MRF
|
| 080 |
|
|
|a (437.3)
|2 MRF
|
| 080 |
|
|
|a (083.824)
|2 MRF
|
| 100 |
1 |
|
|a Schýbal, Jan,
|d 1958-
|7 jo20000080644
|4 art
|
| 245 |
1 |
0 |
|a Jan Schýbal :
|b fotografie : Galerie umění Karlovy Vary si Vás dovoluje pozvat na vernisáž výstavy ... ve čtvrtek 6. května 2004 v 17. hod. do Galerie umění Karlovy Vary : [katalog výstavy]
|
| 246 |
3 |
3 |
|a Fotografie
|
| 260 |
|
|
|a [Karlovy Vary :
|b Galerie umění,
|c 2004]
|
| 300 |
|
|
|a 1 složený l. (6 s.) :
|b il. ;
|c 22 cm
|
| 500 |
|
|
|a Název a podnázev z obálky
|
| 600 |
1 |
7 |
|a Schýbal, Jan,
|d 1958-
|7 jo20000080644
|2 czenas
|
| 648 |
|
7 |
|a 20.-21. století
|7 ch462155
|2 czenas
|
| 650 |
0 |
7 |
|a dokumentární fotografie
|7 ph119534
|z Česko
|y 20.-21. stol.
|2 czenas
|
| 655 |
|
7 |
|a katalogy výstav
|7 fd132536
|2 czenas
|
| 710 |
2 |
|
|a Galerie umění (Karlovy Vary, Česko)
|7 kn20010724243
|
| 910 |
|
|
|a BOA001
|b 2-1136.009
|
| 990 |
|
|
|a BK
|
| 996 |
6 |
|
|b 2610220784
|c 2-1136.009
|l MZK
|r Sklad / do 1 hodiny
|n 0
|p p.v.
|w 000716938
|u 000010
|a 1
|e BOA001
|j MZK50
|s P
|